000 01347nab a22002537a 4500
999 _c5686
_d5686
003 OSt
005 20251227000504.0
008 190603e xxum|||| |||| 00| 0 spa d
040 _cPJ
100 _92457
_aCabanellas de las Cuevas, Guillermo
245 1 3 _aEl institucionalismo y su progenie. Antinomias del derecho societario /
_cGuillermo Cabanellas.
260 _cCiudad Autónoma de Buenos Aires :
_aThomson Reuters La Ley,
_b2025.
300 _ap. 217-227
500 _aCita: TR LALEY AR/DOC/1754/2025 Publicado en: RCCyC 2025 (agosto).
505 _aSumario: I. Introducción. Institucionalismo y autonomía de la voluntad.— II. Apoteosis societaria de la autonomía de la voluntad.— III. La teoría societaria institucionalista en su versión clásica.— IV. Las manifestaciones actuales del institucionalismo societario.— V. Conclusiones.
505 _t¿Te interesa el texto completo? Solicitalo al correo: koha@justierradelfuego.gov.ar
650 0 _91497
_aCODIGO CIVIL Y COMERCIAL
650 0 _91602
_aDERECHO COMERCIAL
650 0 _9646
_aSOCIEDADES COMERCIALES
650 0 _93474
_aAUTONOMÍA DE LA VOLUNTAD
650 0 _92625
_aPERSONAS JURÍDICAS
773 0 _02713
_93170
_dCiudad Autónoma de Buenos Aires : Thomson Reuters La Ley, 2015-
_tRevista Código Civil y Comercial. Nº 4 - Agosto 2025
942 _2udc
_cANA